LEADER 01018nam a2200241 i 4500 001 000000110467 003 CaOOAMICUS 005 20090612000000.0 008 090612s1945 ag u000 u spa u 013 $a83148 040 $aSeMil$bita 100 1 $aDerisi, Octavio Nicolás .$0(OLS)http://semarc/name/2289 245 13$aLa doctrina de la inteligencia de Aristoteles a santo Tomas /$cOctavio N. Derisi. 260 $aBuenos Aires :$bCursos de cultura catolica,$c1945. 300 $a301 p. ;$c24 cm. 500 $aFondo Card. C.M. Martini. 650 4$aIntelligenza - Filosofia.$0(OLS)http://semarc/subject/14290 850 $aSeMil 852 $aSeMil$W1$xVenegono$y1$m2Q V 49$j66349$B66349$CSeMilBibl$Z2$F89520 $81 941 1 $a4 961 $aOmaggio: Martini Card. Carlo Maria 996 $6245$aLa doctrina de la inteligencia de Aristoteles a santo Tomas$9(OLS)http://semarc/title/160589 996 $6260$aBuenos Aires :$bCursos de cultura catolica$9(OLS)http://semarc/publisher/45102 LEADER 01013nam a2200241 i 4500 001 000000217812 003 CaOOAMICUS 005 20240902140800.0 008 121227s1622 it u000 u lat u 013 $a196709 026 $ai-n- a,et ioe. suto (3) 1622 (R) 040 $aSeMil$bita 245 10$a2: Operis moralis in praecepta decalogi, pars altera. 300 $a396, [48] p. 500 $aMarca tip. (Giglio fiorentino) sul front. 500 $aSegn.: 2A8 2B4 2C-3K6 A-D6 773 0 $aSanchez, Thomas $tOpus morale in praecepta decalogi, rev. p. Thomae Sanchez ... cum indice capitum omnium et altero rerum, & verborum copiosissimo ... [Pars prima -altera].$dVenetiis : apud Iuntas $g2$w()27870 850 $aSeMil 852 $aSeMil$W1$xVenegono$y1$m2E V 40 FA$j168226$B168226$CSeMilBibl$Z2$F179066 $8I 941 1 $a10 961 $aRecupero: Mantegazza 996 $6245$a2: Operis moralis in praecepta decalogi, pars altera$9(OLS)http://semarc/title/312904